| 000 | 00000nas##2200000za#4500 |
| 001 | 9.513267 |
| 003 | CaOODSP |
| 005 | 20200508145513 |
| 007 | ta |
| 008 | 150406c1984||||xxc|| m #||||f| |0fre|d |
| 040 | |aCaOODSP|bfre |
| 043 | |an-cn--- |
| 086 | 1 |aYM32-2F |
| 245 | 00|aÉtudes générale |
| 260 | |aOttawa - Ontario : |bBibliothèque du Parlement. |
| 500 | |aDépositaires: Les publications suivantes sont disponibles par le biais d'une liste d'envoi (p<bp<b). Veuillez noter que cette liste d'envoi s'applique à la série complète, Étude générale. |
| 563 | |aCouverture souple |
| 710 | 1 |aCanada.|bBibliothèque du Parlement. |bService de recherche. |
| 775 | 08|tBackground papers |w(CaOODSP)9.514933 |